00253nam a2200109Ia 4500008004100000100002900041245002000070260002000090650001100110942000700121999001500128190216s9999||||xx |||||||||||||| ||und|| aUniversity Of Travancore 0aTerms Of Botany bDept Of Physics aBotany cBK c1094d1094